MARC

LEADER 00000nam0a2200000 4500
001 18393
005 20231101205213.0
035 |a (RuTPU)RU\TPU\book\18542 
035 |a BOOK00003230 
090 |a 18393 
100 |a 20011209d1954 m y0rusy50 ca 
101 0 |a rus 
102 |a RU 
105 |a a z 000zy 
200 1 |a Рассказы о боевых кораблях  |f З. Н. Перля 
210 |a Москва  |c Оборонгиз  |d 1954 
215 |a 287 с.  |c ил. 
606 |a Военно-морской флот  |2 stltpush  |3 (RuTPU)RU\TPU\subj\3260  |9 31706 
606 |a Редкие книги  |2 stltpush  |3 (RuTPU)RU\TPU\subj\67540  |9 83297 
610 1 |a военное дело 
610 1 |a боевые корабли 
610 1 |a корабли 
610 1 |a русский флот 
610 1 |a история 
675 |a 359  |v 3 
686 |a Ц66  |v LBC/SL-A  |2 rubbk 
686 |a Ч611.68  |v LBC/SL-A  |2 rubbk 
700 1 |a Перля  |b З. Н.  |g Зигмунд Наумович 
801 0 |a RU  |b 63413507  |c 20011209  |g PSBO 
801 2 |a RU  |b 63413507  |c 20190327  |g PSBO 
942 |c BK